| 000 | 00670nam a22001817a 4500 | ||
|---|---|---|---|
| 999 |
_c10821 _d10821 |
||
| 008 | 180921b ||||| |||| 00| 0 eng d | ||
| 020 | _a978-1-5063-6838-2 | ||
| 082 |
_22018 _aDC 371.26 _bSa345 |
||
| 100 |
_aSalkind, Neil J. _919621 |
||
| 245 |
_aTests & measurement for people who (think they) hate tests & measurement / _cNeil J. Salkind. |
||
| 250 | _aThird Edition | ||
| 260 |
_aLos Angeles : _bSAGE Publications, Inc., _c©2018 |
||
| 300 |
_axxi, 424 pages ; _bcolor illustrations : _c25 cm. |
||
| 500 | _aIncludes appendix,glossary,references, and index | ||
| 650 |
_aEducational tests and measurements. _931485 |
||
| 365 |
_b10,575.00 _cPhp. |
||
| 942 |
_2ddc _cDC |
||